|
|
|
|
| LEADER |
00000nam a22000007a 4500 |
| 001 |
vtls008835749 |
| 003 |
SK-MaSNL |
| 005 |
20260301221314.0 |
| 008 |
240318 1965 xr 000 0 czes |
| 040 |
|
|
|a SNK
|b slo
|c SNK
|e AACR2
|
| 100 |
1 |
|
|a Kříž, Bořivoj
|4 aut
|9 609523
|
| 245 |
1 |
0 |
|a Diamantové nástroje a jejich požití v průmyslu
|
| 260 |
|
|
|a Praha
|b Státní nakladatelství technické literatury
|c 1965
|
| 300 |
|
|
|a 110 s.
|
| 958 |
|
|
|a OND
|
| 999 |
|
|
|c 935310
|d 937240
|
| 952 |
|
|
|a SNK
|b SNK
|y NEVYP
|7 0
|p 17A0572328
|o snkID 38634 D1
|i snkKIP 3216/65
|3 rekatalogizácia
|0 0
|1 1
|4 0
|d 2008-01-24
|l 0
|r 2026-02-24 09:01:31
|w 2026-02-24
|